Giáo trình môn nuôi cấy mô tế bào thực vật

Spremljeno u:
Bibliografski detalji
Glavni autor: Trần Thị Dung
Format: Knjiga
Izdano: HCM. ĐH Nông Lâm TPHCM
Teme:
Oznake: Dodaj oznaku
Bez oznaka, Budi prvi tko označuje ovaj zapis!
Thư viện lưu trữ: Trung tâm Học liệu Lê Vũ Hùng, Trường Đại học Đồng Tháp
LEADER 00901pam a22002538a 4500
001 00024067
005 20171026081023.0
008 110711s ||||||Viesd
041 0 # |a Vie 
082 1 4 |a 571.6  |b GI108TR 
100 0 # |a Trần Thị Dung 
245 0 0 |a Giáo trình môn nuôi cấy mô tế bào thực vật  |c Trần Thị Dung 
260 # # |a HCM.  |b ĐH Nông Lâm TPHCM 
300 # # |a 31tr.  |c 27 cm. 
500 # # |a ĐTTS ghi: Trường ĐH Nông Lâm TPHCM. Bộ môn công nghệ sinh học 
650 # 4 |a Thực vật 
650 # 4 |a Tế bào 
653 # # |a Nuôi cấy 
852 # # |b Kho giáo trình  |j KGT.0009986 
852 # # |b Kho mượn  |j KGT.0009986 
852 # # |j KGT.0009987  |j KGT.0009988  |j KGT.0009986  |j KGT.0009989 
910 0 # |d 11/07/2011 
980 # # |a Trung tâm Học liệu Lê Vũ Hùng, Trường Đại học Đồng Tháp